000 00326nam a2200133Ia 4500
005 20251222155137.0
008 251222s9999||||xx |||||||||||||| ||spa||
082 _aCIE. 12
100 _aGarcia Galvez, José.
245 0 _aManual de Laboratorio Quimica
250 _a1ra. ed.
264 _bCiencia y técnica
942 _cLIB
999 _c39058
_d39058